000 00276nam a2200109Ia 4500
008 230411s9999 xx 000 0 und d
041 _aeng
082 _aOG/610.73678/IND/B02170
100 _aIndrani TK
245 _aDomiciliary Care in Midwifery
999 _c153394
_d153394